Personnage des aventures de Tintin : Le professeur Calys - Statistiques

Statistiques générales
  • Ce quiz a été pris 50 fois
  • Le résultat moyen est 13 sur 16
Statistiques - réponses
Questions Réponses % Correct
Album dans lequel apparaît le Professeur Calys. L'Étoile mystérieuse
100%
Commandant de ce navire. Le Capitaine Archibald Haddock
94%
Complétez ce dialogue entre Tintin et le Professeur Calys : - La fin du monde .... - [...] C'est bien cela et c'est moi [réponse #2] Calys qui ai déterminé l'heure à laquelle se produira le cataclysme !... Demain, je serai ______. Célèbre
91%
Nom du navire sur lequel ces savants partent à la découverte de l'aérolithe. L'Aurore
91%
Science qu'étudie le Professeur Calys. L'astronomie
85%
Élément chimique de numéro atomique 88 et de symbole Ra. Le collègue du Professeur Calys pense que l'aérolythe en est composé mais Calys l'exclut. Le radium
85%
Établissement dont le Professeur Calys est le directeur. L'Observatoire
85%
Nationalité des savants qui composent l'expédition commandée par le Professeur Calys à la recherche de l'aérolithe entré en collision avec la terre. Espagnole
82%
Nationalité des savants qui composent l'expédition commandée par le Professeur Calys à la recherche de l'aérolithe entré en collision avec la terre. Suédoise
82%
Nationalité des savants qui composent l'expédition commandée par le Professeur Calys à la recherche de l'aérolithe entré en collision avec la terre. Portugaise
76%
Nationalité des savants qui composent l'expédition commandée par le Professeur Calys à la recherche de l'aérolithe entré en collision avec la terre. Suisse
76%
Nationalité des savants qui composent l'expédition commandée par le Professeur Calys à la recherche de l'aérolithe entré en collision avec la terre. Allemande
74%
Prénom du Professeur Calys, qu'il partage avec un autre savant qui apparaît dans des albums ultérieurs. Hippolyte
71%
Île vers le nord de laquelle se dirige l'expédition et au large de laquelle est tombé l'aérolithe, selon la station polaire du Cap Morris. Le Groenland
65%
Ancien collègue du Professeur Calys devenu faux prophète de malheur. Philippulus
65%
Appareil destiné à observer les spectres lumineux, qu'utilise le Professeur Calys. Le spectroscope
35%
Aucun quiz correspondant
Distribution des résultats
% des personnes avec chaque résultat
Percentile par nombre de réponses
Votre historique - résultats
Vous n’avez pas pris ce quiz